000 00629cam a2200229ua 4500
020 _a81 203 0845 x
_c150.00
041 _aeng
_h
082 _a519.4
_bMAT/NU
100 _aMathews, John H .
245 _aNumerical methods for mathematics, science and engineering /
_cJohn H Matews.
_hTextual Documents
250 _a2 /
_b.
260 _aNew Delhi :
_bPrentice Hall of India Pvt Ltd. ,
_c1994.
300 _a646 ; .
365 _a150.00
500 _a18940, 18941, 18942 CSS
504 _a
942 _cBK
999 _c9503
_d9503